| 000 | 00690nam a22002297a 4500 | ||
|---|---|---|---|
| 999 |
_c10936 _d10936 |
||
| 003 | AR-CdUCM | ||
| 008 | 190402b ||||| |||| 00| 0 spa d | ||
| 020 | _a958-633-305-1 | ||
| 040 |
_aMUNICIPALIDAD PROVINCIAL DEL CUSCO _cBIBLIOTECA MUNICIPAL DEL CUSCO |
||
| 041 | _heng | ||
| 082 |
_aEP / 372.428 / _bAG31 |
||
| 100 |
_aÁgreda, Enriqueta _928013 |
||
| 245 | _aPlaying 4 / | ||
| 260 |
_aBogota : _bRei andes, _c1993. |
||
| 300 |
_a96 paginas ; _bilustraciones, graficos, dibujos, _c27 cm. |
||
| 500 | _aLibro de niños en ingles para niños | ||
| 650 |
_aIngles _97365 |
||
| 650 |
_aTexto educativo _925832 |
||
| 650 |
_aIlustrado _927920 |
||
| 942 |
_2ddc _cLIBROS |
||
| 945 | _apjha | ||